[Event "DRAGON 3OOO"]
[Site "SchemingMind.com"]
[Date "2013.01.11"]
[Round "-"]
[White "emvarela"]
[Black "SAMAEL"]
[Result "1-0"]
[WhiteCountry "ARG"]
[BlackCountry "CAN"]
[WhiteElo "1759"]
[WhiteRD "49"]
[BlackElo "1713"]
[BlackRD "45"]
[GameID "324580"]

1. e4 e5 2. Nf3 Nc6 3. Bb5 d6 4. d4 exd4 5. Nxd4 Bd7 6. Nc3 a6 7. Bxc6 Bxc6 8. O-O Nf6 9. Nxc6 bxc6 10. Bg5 Be7
11. Re1 O-O 12. Qf3 h6 13. Bxf6 Bxf6 14. Rad1 Be5 15. Qe3 Re8 16. f4 Bf6 17. e5 dxe5 18. Rxd8 Raxd8 19. fxe5 Rxe5 20. Qg3 Rde8
21. Rxe5 Bxe5 22. Qf3 Bxc3 23. bxc3
1-0

[Event "DRAGON 3OOO"]
[Site "SchemingMind.com"]
[Date "2013.01.11"]
[Round "-"]
[White "SAMAEL"]
[Black "emvarela"]
[Result "1/2-1/2"]
[WhiteCountry "CAN"]
[BlackCountry "ARG"]
[WhiteElo "1713"]
[WhiteRD "45"]
[BlackElo "1759"]
[BlackRD "49"]
[GameID "324581"]

1. Nf3 c5 2. Nc3 d5 3. e3 Nf6 4. d3 Nc6 5. h3 e5 6. a3 Bd6 7. Be2 a6 8. O-O O-O 9. Bd2 h6 10. Re1 b5
11. Na2 Be6 12. Nh2 Qc7 13. Ng4 Nxg4 14. Bxg4 f5 15. Be2 d4 16. Bf3 Rac8 17. Bxc6 Qxc6 18. f3 Bxa2 19. Rxa2 dxe3 20. Bxe3 f4
21. Bf2 Rfd8 22. Qe2 c4 23. d4 Re8 24. Qd2 exd4 25. Bxd4 Rxe1+ 26. Qxe1 Bc5 27. Qf2 Bxd4 28. Qxd4 Qc5 29. Qxc5 Rxc5 30. Ra1 Rd5
31. Rf1 Rd2 32. Rf2 Rxf2 33. Kxf2 Kf7 34. Ke2 Ke6 35. Kd2 Kd5 36. Kc3 a5 37. b4 a4 38. Kd2 Kd4 39. c3+ Ke5 40. Ke2=
1/2-1/2

[Event "DRAGON 3OOO"]
[Site "SchemingMind.com"]
[Date "2013.01.12"]
[Round "-"]
[White "kenneth m day"]
[Black "emvarela"]
[Result "0-1"]
[WhiteCountry "USA"]
[BlackCountry "ARG"]
[WhiteElo "1770"]
[WhiteRD "51"]
[BlackElo "1759"]
[BlackRD "49"]
[GameID "324687"]

1. e4 e5 2. Nf3 Nc6 3. c3 Nf6 4. d4 Nxe4 5. d5 Ne7 6. Nxe5 Ng6 7. Qd4 Nf6 8. Nxg6 hxg6 9. Bf4 b6 10. Be2 Bc5
11. Qe5+ Kf8 12. O-O Bd6 13. Qg5 Bxf4 14. Qxf4 Nxd5 15. Qf3 Qh4 16. h3 c6 17. Nd2 Nf4 18. Bd1 d5 19. Qg3 Qh6 20. Nf3 Bxh3
21. gxh3 Nxh3+ 22. Kg2 Nf4+
0-1

[Event "DRAGON 3OOO"]
[Site "SchemingMind.com"]
[Date "2013.01.12"]
[Round "-"]
[White "kenneth m day"]
[Black "SAMAEL"]
[Result "1-0"]
[WhiteCountry "USA"]
[BlackCountry "CAN"]
[WhiteElo "1765"]
[WhiteRD "52"]
[BlackElo "1717"]
[BlackRD "52"]
[GameID "324688"]

1. e4 e5 2. Nf3 d6 3. d4 exd4 4. Nxd4 Nf6 5. Nc3 Nc6 6. Bb5 Bd7 7. O-O Nxd4 8. Qxd4 Be7 9. Re1 O-O 10. Bf4 Re8
11. Rad1 Bxb5 12. Nxb5 a6 13. Nc3 h6 14. Rd3 Nh7 15. Rg3 Bf6 16. Qe3 Bg5 17. Bxg5 Nxg5 18. h4 Ne6 19. Qxh6 g6 20. h5 g5
21. Nd5
1-0

[Event "DRAGON 3OOO"]
[Site "SchemingMind.com"]
[Date "2013.01.12"]
[Round "-"]
[White "emvarela"]
[Black "kenneth m day"]
[Result "1-0"]
[WhiteCountry "ARG"]
[BlackCountry "USA"]
[WhiteElo "1738"]
[WhiteRD "51"]
[BlackElo "1752"]
[BlackRD "52"]
[GameID "324689"]

1. e4 c5 2. Nf3 Nc6 3. d4 cxd4 4. c3 e5 5. cxd4 exd4 6. Nxd4 Nf6 7. Nxc6 bxc6 8. Bd3 Bd6 9. O-O O-O 10. Bg5 Be5
11. Nc3 d6 12. Qc2 Bxh2+ 13. Kh1 Be5 14. f4 Bd4 15. Ne2 c5 16. Nxd4 cxd4 17. e5 dxe5 18. fxe5 h6 19. Bxf6 gxf6 20. Rxf6 Qd7
21. Qd2 Qg4 22. Rxh6 Bf5 23. Bxf5 Qxf5 24. Qxd4 Rfd8 25. Qh4 Kg7 26. Rh5 Rh8 27. Qg3+ Qg6 28. Qxg6+ Kxg6 29. Rxh8 Rxh8+ 30. Kg1 Re8
31. Re1 Kf5 32. Kf2 Rxe5 33. Rxe5+ Kxe5 34. Ke3 f5 35. g3 a6 36. b3 a5 37. a3 Kf6 38. b4 axb4 39. axb4 Ke6 40. Kf4
1-0

[Event "DRAGON 3OOO"]
[Site "SchemingMind.com"]
[Date "2013.01.12"]
[Round "-"]
[White "SAMAEL"]
[Black "kenneth m day"]
[Result "0-1"]
[WhiteCountry "CAN"]
[BlackCountry "USA"]
[WhiteElo "1713"]
[WhiteRD "45"]
[BlackElo "1770"]
[BlackRD "51"]
[GameID "324690"]

1. Nf3 Nf6 2. Nc3 d5 3. d4 e6 4. e3 c5 5. Be2 Nc6 6. O-O Be7 7. Re1 O-O 8. Bd2 a6 9. b3 b5 10. Bf1 Bb7
11. a4 Qb6 12. dxc5 Bxc5 13. axb5 axb5 14. Rxa8 Rxa8 15. Nxb5 Ba6 16. Nc3 Bb4 17. Na4 Qb8 18. c3 Bd6 19. Nd4 Nxd4 20. exd4 Ne4
21. f3 Nxd2 22. Qxd2 Qxb3 23. Nb2 Bxf1 24. Rxf1 Ra2 25. Rf2 Ba3 26. Qg5 Rxb2 27. Rxb2 Qxb2 28. Qd8+ Bf8 29. Qc8 g6 30. h3 Kg7
0-1

[Event "DRAGON 3OOO"]
[Site "SchemingMind.com"]
[Date "2013.01.13"]
[Round "-"]
[White "David Hartley"]
[Black "emvarela"]
[Result "1/2-1/2"]
[WhiteCountry "ENG"]
[BlackCountry "ARG"]
[WhiteElo "1793"]
[WhiteRD "60"]
[BlackElo "1738"]
[BlackRD "51"]
[GameID "324733"]

1. e4 e5 2. Nf3 Nc6 3. Bb5 a6 4. Ba4 Nf6 5. d3 b5 6. Bb3 Bc5 7. c3 d6 8. O-O h6 9. h3 O-O 10. Re1 Bb7
11. Nbd2 Ne7 12. Nf1 Bb6 13. Be3 Bxe3 14. Nxe3 a5 15. a3 a4 16. Bc2 c5 17. Nf1 Qc7 18. Ng3 d5 19. exd5 Nexd5 20. Nxe5 Nf4
21. Nf3 Rfe8 22. Ne4 Nxe4 23. dxe4 Rad8 24. Qc1 Nd3 25. Bxd3 Rxd3 26. Re3 Rxe3 27. Qxe3 Rxe4 28. Qd3 Rf4 29. Re1 g6 30. Re3 Bxf3
31. Rxf3 Rxf3 32. Qxf3 Qd7 33. Qe2=
1/2-1/2

[Event "DRAGON 3OOO"]
[Site "SchemingMind.com"]
[Date "2013.01.12"]
[Round "-"]
[White "David Hartley"]
[Black "kenneth m day"]
[Result "1-0"]
[WhiteCountry "ENG"]
[BlackCountry "USA"]
[WhiteElo "1798"]
[WhiteRD "66"]
[BlackElo "1720"]
[BlackRD "53"]
[GameID "324734"]

1. e4 c5 2. c3 d5 3. exd5 Qxd5 4. d4 Nf6 5. Nf3 e6 6. Be2 Nc6 7. O-O Be7 8. Be3 b6 9. dxc5 Bxc5 10. Bxc5 Qxc5
11. Nbd2 O-O 12. Nb3 Qe7 13. Qc2 Bb7 14. Rad1 Rac8 15. Qb1 Rfd8 16. Rfe1 h6 17. Rd3 Rxd3 18. Bxd3 Rd8 19. Rd1 e5 20. Be2 e4
21. Nfd4 Qe5 22. Rf1 Qg5 23. Qc1 Qxc1 24. Rxc1 Nxd4 25. Nxd4 g6 26. Kf1 Nd5 27. g3 Rd6 28. Rd1 f5 29. Nb5 Rd7 30. Nxa7 Ba8
31. Nb5 Kf8 32. c4 Nf6 33. Rxd7 Nxd7 34. Ke1 Ke7 35. Kd2 Bb7 36. Ke3 Nc5 37. Kd4 Ke6 38. b4 Nd7 39. Nc3 Kd6 40. Na4 Ba6
41. Nxb6 Nxb6 42. c5+ Kc6 43. Bxa6 Na4 44. b5+ Kc7 45. b6+ Kb8 46. Bb5 Nb2 47. c6 Nd1 48. c7+ Kc8 49. Ba6+
1-0

[Event "DRAGON 3OOO"]
[Site "SchemingMind.com"]
[Date "2013.01.13"]
[Round "-"]
[White "David Hartley"]
[Black "SAMAEL"]
[Result "1-0"]
[WhiteCountry "ENG"]
[BlackCountry "CAN"]
[WhiteElo "1795"]
[WhiteRD "63"]
[BlackElo "1713"]
[BlackRD "45"]
[GameID "324735"]

1. e4 e5 2. Nf3 Nc6 3. Bb5 d6 4. d4 exd4 5. Qxd4 Bd7 6. Bxc6 Bxc6 7. O-O Nf6 8. Nc3 Be7 9. Bg5 O-O 10. Rfe1 h6
11. Bh4 Re8 12. e5 Nh7 13. exd6 Bxh4 14. Rxe8+ Qxe8 15. Nxh4 Rd8 16. Qxa7 Rxd6 17. Qe3 Qxe3 18. fxe3 Ng5 19. Rd1 Rxd1+ 20. Nxd1 Kf8
21. g3 Nf3+ 22. Nxf3 Bxf3 23. Nf2 Ke7 24. Kf1 Ke6 25. Ke1 Kd5 26. Kd2 Kc4 27. c3 f5 28. b3+ Kd5 29. c4+ Kc5 30. a3 c6
31. Kd3 g5 32. e4 Kd6 33. exf5 g4 34. f6 Ke6 35. f7 Kxf7 36. Ke3 Kf6 37. h3 Kg5 38. Nxg4 Bxg4 39. hxg4 Kxg4 40. Kf2 Kf5
41. Kf3 h5 42. c5 Ke5 43. b4 Kf5 44. a4 Ke5 45. Ke3 Kd5 46. Kd3
1-0

[Event "DRAGON 3OOO"]
[Site "SchemingMind.com"]
[Date "2013.01.13"]
[Round "-"]
[White "emvarela"]
[Black "David Hartley"]
[Result "1-0"]
[WhiteCountry "ARG"]
[BlackCountry "ENG"]
[WhiteElo "1759"]
[WhiteRD "49"]
[BlackElo "1795"]
[BlackRD "63"]
[GameID "324736"]

1. e4 e5 2. Nf3 Nc6 3. Bb5 a6 4. Bxc6 dxc6 5. O-O Qd6 6. Na3 Be6 7. Qe2 f6 8. Rd1 Qe7 9. d4 exd4 10. Nxd4 Bd7
11. Bf4 O-O-O 12. c3 Qf7 13. e5 fxe5 14. Bxe5 Bd6 15. Bxd6 cxd6 16. Nc4 Kc7 17. Nxd6 Qg6 18. Qe5 Kb6 19. Nc4+ Ka7 20. Qc5+ Kb8
21. Qb6 Rc8 22. Nb3 Rc7 23. Nc5 Nf6 24. Nxa6+
1-0

[Event "DRAGON 3OOO"]
[Site "SchemingMind.com"]
[Date "2013.01.12"]
[Round "-"]
[White "kenneth m day"]
[Black "David Hartley"]
[Result "0-1"]
[WhiteCountry "USA"]
[BlackCountry "ENG"]
[WhiteElo "1752"]
[WhiteRD "52"]
[BlackElo "1793"]
[BlackRD "60"]
[GameID "324737"]

1. e4 e5 2. Nf3 Nc6 3. c3 Nf6 4. d4 Nxe4 5. d5 Nb8 6. Nxe5 Qe7 7. Qd4 Nf6 8. Be3 d6 9. Bb5+ Nbd7 10. Ng4 Nxg4
11. Qxg4 a6 12. Be2 Nf6 13. Qc4 Qd8 14. Nd2 Bd7 15. O-O-O Bb5 16. Qb4 Bxe2 17. Rde1 Bh5 18. Qxb7 Be7 19. Qc6+ Nd7 20. Bd4 O-O
21. Qa4 Nb6 22. Qa5 Bg4 23. Qb4 Nxd5 24. Qc4 Be6 25. Qd3 c5 26. Be3 Nxe3 27. Qxe3 Qb6 28. b3 a5 29. c4 a4 30. Kd1 axb3
31. axb3 Qc6 32. f3 h6 33. Ke2 Bg5 34. Qe4 d5 35. cxd5 Bxd5 36. Qc2 Ra7 37. h4 Bxd2 38. Kxd2 Rd8 39. Ke3 Ra3 40. Rb1 c4
0-1

[Event "DRAGON 3OOO"]
[Site "SchemingMind.com"]
[Date "2013.01.13"]
[Round "-"]
[White "SAMAEL"]
[Black "David Hartley"]
[Result "0-1"]
[WhiteCountry "CAN"]
[BlackCountry "ENG"]
[WhiteElo "1713"]
[WhiteRD "45"]
[BlackElo "1795"]
[BlackRD "63"]
[GameID "324738"]

1. Nf3 Nf6 2. Nc3 d5 3. d4 g6 4. e3 Bg7 5. Be2 O-O 6. O-O c6 7. Bd2 Bg4 8. h3 Be6 9. Re1 Re8 10. Rc1 b6
11. Bf1 c5 12. Ne2 Ne4 13. c3 Nxd2 14. Nxd2 cxd4 15. Nxd4 Bd7 16. Qf3 e6 17. Rcd1 Nc6 18. Nxc6 Bxc6 19. Be2 Qc7 20. Qg4 Re7
21. Nf3 Rae8 22. Qh4 h6 23. Nd4 Bb7 24. Bb5 Rc8 25. Bd3 a6 26. Ne2 b5 27. Qg3 Qxg3 28. Nxg3 Rec7 29. Ne2 Rd8 30. Nf4 e5
31. Ne2 Rcd7 32. Bc2 d4= 33. exd4 exd4 34. cxd4 Bxd4 35. Nxd4 Rxd4 36. Rxd4 Rxd4 37. Re7 Bd5 38. Rd7 Rc4 39. Bxg6 Rc1+ 40. Kh2 Bxa2
41. Bd3 Rc6 42. Be4 Rb6 43. Rc7 Rd6 44. f3 Rd2 45. Rc6 Rxb2 46. Rxa6 Kg7 47. Ra3 Bc4 48. Rc3 Kf6 49. Bd3 Ba2 50. Rc2 Rxc2
51. Bxc2 b4 52. Kg3 b3
0-1

[Event "DRAGON 3OOO"]
[Site "SchemingMind.com"]
[Date "2013.01.12"]
[Round "-"]
[White "Scooter"]
[Black "David Hartley"]
[Result "1-0"]
[WhiteCountry "USA"]
[BlackCountry "ENG"]
[WhiteElo "1774"]
[WhiteRD "54"]
[BlackElo "1792"]
[BlackRD "64"]
[GameID "324848"]

1. d4 d5 2. Nf3 Nf6 3. Bf4 c5 4. e3 Nc6 5. c3 e6 6. Bb5 Bd7 7. O-O Be7 8. h3 O-O 9. Nbd2 Nxd4 10. Nxd4 cxd4
11. Bxd7 Qxd7 12. cxd4 Rac8 13. Rc1 Rxc1 14. Qxc1 Rc8 15. Qb1 Rc6 16. Rc1 Qc8 17. Rxc6 Qxc6 18. Nb3 h6 19. Qc1 Qxc1+ 20. Nxc1 Kf8
21. a3 Ke8 22. b4 Kd7 23. Nd3 Kc6 24. a4 Nd7 25. Nc5 Bd6 26. Bxd6 Kxd6 27. Nxb7+ Kc7 28. Nc5 Nb8 29. Kf1 a6 30. Ke2 Kb6
31. Kd3 Nc6 32. Kc3 Nd8 33. h4 Nc6 34. g4 e5 35. Nd7+ Kc7 36. Nxe5 Nd8 37. f3 Kd6 38. b5 a5 39. g5 hxg5 40. hxg5 g6
41. e4 Ke6 42. exd5+ Kxd5 43. Kd3 Ke6 44. Nc6 Nb7 45. Ke4 Nd6+ 46. Kf4 Nc4 47. Ne5 Nb6 48. Ke4 Nxa4 49. d5+ Kd6 50. Kd4 Ke7
51. Nc6+ Kd6 52. Nxa5 Nb6 53. Nc4+
1-0

[Event "DRAGON 3OOO"]
[Site "SchemingMind.com"]
[Date "2013.01.12"]
[Round "-"]
[White "Scooter"]
[Black "emvarela"]
[Result "1-0"]
[WhiteCountry "USA"]
[BlackCountry "ARG"]
[WhiteElo "1732"]
[WhiteRD "48"]
[BlackElo "1738"]
[BlackRD "51"]
[GameID "324849"]

1. d4 Nf6 2. Nf3 d5 3. Bf4 c5 4. e3 Nc6 5. c3 Qb6 6. Qb3 c4 7. Qxb6 axb6 8. Be2 Bf5 9. O-O e6 10. h3 h6
11. Nbd2 Be7 12. b3 b5 13. b4 Ne4 14. Nxe4 Bxe4 15. Nd2 Kd7 16. f3 Bg6 17. e4 dxe4 18. Nxe4 Bxe4 19. fxe4 g5 20. Bg3 f6
21. Bf3 Ra3 22. Rfc1 Rha8 23. Rc2 Bd6 24. Be1 e5 25. d5 Ne7 26. Rf2 Ng6 27. Bg4+ Ke7 28. g3 b6 29. Bh5 Nf8 30. h4 Bxb4
31. cxb4 Rxg3+ 32. Kh2 Raa3 33. d6+ Kxd6 34. Rd2+ Rgd3 35. Rxd3+ Rxd3 36. Rd1 Rd4 37. Bg3 Rxd1 38. Bxd1 Ne6 39. Kg2 gxh4 40. Bxh4 Nf4+
41. Kf3 Ke6 42. a4 bxa4 43. Bxa4 Nd3 44. Bb5 Nb2 45. Be1 Kd6 46. Bc3 Nd1 47. Bd2 c3 48. Bxh6 Nb2 49. Kg4 Ke6 50. Bc1 Nd1
51. Bc4+ Ke7 52. Kf5 Nf2 53. b5 Kd6 54. Ba3+ Kc7 55. Kxf6 Nxe4+ 56. Kxe5 Nc5 57. Kd4 Na4 58. Bb3 Nb2 59. Kxc3
1-0

[Event "DRAGON 3OOO"]
[Site "SchemingMind.com"]
[Date "2013.01.09"]
[Round "-"]
[White "Scooter"]
[Black "kenneth m day"]
[Result "0-1"]
[WhiteCountry "USA"]
[BlackCountry "USA"]
[WhiteElo "1774"]
[WhiteRD "54"]
[BlackElo "1765"]
[BlackRD "52"]
[GameID "324850"]

1. d4 Nf6 2. Nf3 g6 3. Bf4 Bg7 4. e3 d6 5. Be2 O-O 6. O-O Nbd7 7. Nbd2 Nh5 8. Bg5 h6 9. Bh4 Ndf6 10. c4 b6
11. d5 Bb7 12. Bxf6 Nxf6 13. Rb1 c6 14. dxc6 Bxc6 15. b3 Rc8 16. Nd4 Bb7 17. Bf3 Qd7 18. Bxb7 Qxb7 19. Qf3 Qxf3 20. N2xf3 Ne4
21. Nb5 a6 22. Nbd4 e6 23. Rfd1 Nc3
0-1

[Event "DRAGON 3OOO"]
[Site "SchemingMind.com"]
[Date "2013.01.14"]
[Round "-"]
[White "Scooter"]
[Black "SAMAEL"]
[Result "1-0"]
[WhiteCountry "USA"]
[BlackCountry "CAN"]
[WhiteElo "1792"]
[WhiteRD "53"]
[BlackElo "1713"]
[BlackRD "45"]
[GameID "324851"]

1. d4 d5 2. Nf3 h6 3. Bf4 Nf6 4. e3 e6 5. h3 c5 6. Bb5+ Bd7 7. Bxd7+ Nbxd7 8. O-O Be7 9. c3 O-O 10. Nbd2 Rc8
11. Qb3 b6 12. Qc2 Nh7 13. dxc5 Nxc5 14. Rfe1 Ng5 15. Nxg5 Bxg5 16. Bxg5 Qxg5 17. Nf3 Qf6 18. Rad1 Rc7 19. Nd4 a6 20. Nb3 Rfc8
21. Nxc5 bxc5 22. Qa4 Rc6 23. Qf4 Qxf4 24. exf4 c4 25. Kf1 Rb8 26. Rd2 Rcb6 27. Ree2 Kf8 28. g4 g6 29. h4 f6 30. f3 Rb5
31. Rxe6 R8b6 32. Rxb6 Rxb6 33. Ke2 Ke7 34. Ke3 Ke6 35. Kd4 Kd6 36. Re2 Rb7 37. g5 hxg5 38. fxg5 fxg5 39. hxg5 Rf7 40. Ke3 Re7+
41. Kf2 Rxe2+ 42. Kxe2 Ke5 43. Ke3 a5 44. b3 Kd6 45. Kd4 cxb3 46. axb3
1-0

[Event "DRAGON 3OOO"]
[Site "SchemingMind.com"]
[Date "2013.01.12"]
[Round "-"]
[White "David Hartley"]
[Black "Scooter"]
[Result "1/2-1/2"]
[WhiteCountry "ENG"]
[BlackCountry "USA"]
[WhiteElo "1808"]
[WhiteRD "62"]
[BlackElo "1769"]
[BlackRD "52"]
[GameID "324852"]

1. e4 c6 2. d4 d5 3. exd5 cxd5 4. c4 Nf6 5. Nc3 e6 6. Nf3 Bb4 7. Bd3 dxc4 8. Bxc4 O-O 9. O-O a6 10. Bg5 Nbd7
11. a3 Be7 12. Re1 b5 13. Bb3 Bb7 14. d5 exd5 15. Nxd5 Bxd5 16. Bxd5 Nxd5 17. Qxd5 Bxg5 18. Nxg5 Nf6 19. Qxd8 Raxd8 20. Rad1 h6
21. Nf3 Rfe8 22. Rxd8 Rxd8 23. h3 Kf8 24. Rc1 Ke7 25. Kf1 Nd5 26. g3 Nb6 27. Ke2=
1/2-1/2

[Event "DRAGON 3OOO"]
[Site "SchemingMind.com"]
[Date "2013.01.13"]
[Round "-"]
[White "emvarela"]
[Black "Scooter"]
[Result "0-1"]
[WhiteCountry "ARG"]
[BlackCountry "USA"]
[WhiteElo "1759"]
[WhiteRD "49"]
[BlackElo "1792"]
[BlackRD "53"]
[GameID "324853"]

1. e4 c6 2. d4 d5 3. Nc3 dxe4 4. Nxe4 Bf5 5. Ng3 Bg6 6. h4 h6 7. Nf3 Nd7 8. h5 Bh7 9. Bd3 Bxd3 10. Qxd3 e6
11. Bf4 Ngf6 12. O-O-O Be7 13. Ne5 O-O 14. c4 Nxe5 15. Bxe5 Ng4 16. Qf3 Nxe5 17. dxe5 Qa5 18. Qe4 Qxa2 19. Kc2 Rfd8 20. Ra1 Rd2+
21. Kxd2 Qxb2+ 22. Ke3 Bc5+ 23. Kf3 Qxf2+ 24. Kg4 Rd8 25. Rad1 f5+
0-1

[Event "DRAGON 3OOO"]
[Site "SchemingMind.com"]
[Date "2013.01.09"]
[Round "-"]
[White "kenneth m day"]
[Black "Scooter"]
[Result "1/2-1/2"]
[WhiteCountry "USA"]
[BlackCountry "USA"]
[WhiteElo "1765"]
[WhiteRD "52"]
[BlackElo "1774"]
[BlackRD "54"]
[GameID "324854"]

1. e4 c6 2. c4 d5 3. cxd5 cxd5 4. exd5 Qxd5 5. Nc3 Qa5 6. d4 Nf6 7. Nf3 Bg4 8. Be2 Nbd7 9. Bd2 Qd8 10. Rc1 a6
11. h3 Bh5 12. O-O e6 13. Re1 Be7 14. Ne5 Bxe2 15. Qxe2 O-O 16. Bf4 Re8 17. Rc2 Nxe5 18. Bxe5 Bd6 19. Rd2 Qe7 20. Qf3 Bxe5
21. dxe5 Nd7 22. Qxb7 Nc5 23. Qxe7 Rxe7 24. Red1 Kf8 25. Rd8+ Rxd8 26. Rxd8+ Re8 27. Rxe8+ Kxe8 28. f4=
1/2-1/2

[Event "DRAGON 3OOO"]
[Site "SchemingMind.com"]
[Date "2013.01.14"]
[Round "-"]
[White "SAMAEL"]
[Black "Scooter"]
[Result "0-1"]
[WhiteCountry "CAN"]
[BlackCountry "USA"]
[WhiteElo "1713"]
[WhiteRD "45"]
[BlackElo "1792"]
[BlackRD "53"]
[GameID "324855"]

1. Nc3 Nf6 2. Nf3 d5 3. d4 e6 4. e3 Bb4 5. Bd2 O-O 6. a3 Bxc3 7. Bxc3 Nbd7 8. Bd3 c5 9. O-O c4 10. Be2 Ne4
11. Bd2 b5 12. c3 a5 13. Qc2 Bb7 14. Rfd1 Ndf6 15. Be1 h6 16. Nd2 Nxd2 17. Rxd2 Ne4 18. Rdd1 Qe7 19. Bf3 Ng5 20. Be2 Bc6
21. f3 e5 22. dxe5 Qxe5 23. Bf2 Rfe8 24. Qd2 Qc7 25. Re1 Rad8 26. Qc2 Bd7 27. Bg3 Qb7 28. h4 Nh7 29. Bf1 Nf6 30. Kh1 Nh5
31. Bf2 Qc7 32. f4 Nf6 33. Be2 Ne4 34. Bf3 Bf5 35. Qe2 Re7 36. Bxe4 Bxe4 37. Kg1 Rde8 38. g3 Qd7 39. Kh2 Bf5 40. Qd2 Bg4
41. Qd4 Bf3 42. Rac1 Be4 43. Qd1 Qf5 44. g4 Qe6 45. Rg1 Qd6 46. g5 hxg5 47. Rxg5 f6 48. Rg4 g6 49. Rg1 Rh7 50. Re1 g5
51. Rg1 Kf7 52. Qg4 Reh8 53. Bg3 Rxh4+
0-1

[Event "DRAGON 3OOO"]
[Site "SchemingMind.com"]
[Date "2013.01.24"]
[Round "-"]
[White "agarr"]
[Black "David Hartley"]
[Result "1-0"]
[WhiteCountry "RUS"]
[BlackCountry "ENG"]
[WhiteElo "1755"]
[WhiteRD "69"]
[BlackElo "1795"]
[BlackRD "63"]
[GameID "325803"]

1. e4 e5 2. Nf3 Nc6 3. Bc4 Bc5 4. c3 Qe7 5. O-O d6 6. d4 Bb6 7. d5 Nd8 8. Bg5 Nf6 9. Nbd2 O-O 10. a4 c6
11. b4 Bc7 12. h3 a5 13. Qb3 cxd5 14. Bxd5 Rb8 15. b5 b6 16. c4 Nb7 17. Qc3 Bd8 18. Rfc1 Nc5 19. Qa3 Qc7 20. Bxf6 Bxf6
21. Nb3 Nxe4 22. Bxe4 Bb7 23. Bd5 Bxd5 24. cxd5 Qd7 25. Rc6 Be7 26. Rac1 Rfc8 27. Nbd2 Rxc6 28. bxc6 Qc7 29. Rb1 f6 30. Nc4 g6
31. Qb3 Bd8 32. Nxa5 Qa7 33. Nc4 Bc7 34. Qb4 Ra8 35. Nxb6 Rb8 36. a5 Kf7 37. Nd2 f5 38. Ndc4 Rd8 39. Nd7 Ke7 40. Qb7
1-0

[Event "DRAGON 3OOO"]
[Site "SchemingMind.com"]
[Date "2013.01.24"]
[Round "-"]
[White "agarr"]
[Black "emvarela"]
[Result "1/2-1/2"]
[WhiteCountry "RUS"]
[BlackCountry "ARG"]
[WhiteElo "1755"]
[WhiteRD "69"]
[BlackElo "1759"]
[BlackRD "49"]
[GameID "325804"]

1. e4 e5 2. Nf3 Nc6 3. Bc4 Nf6 4. c3 Bc5 5. d4 exd4 6. cxd4 Bb4+ 7. Nc3 Nxe4 8. Qb3 O-O 9. O-O Nxc3 10. bxc3 Be7
11. Ne5 Nxe5 12. dxe5 d6 13. Bf4 dxe5 14. Bxe5 b6 15. Rad1 Bd6 16. Bxd6 cxd6 17. Qb4 Bb7 18. Rxd6 Qg5 19. f3 Qc5+ 20. Qxc5 bxc5
21. Bd5 Bxd5 22. Rxd5 Rfc8 23. Rfd1 g6 24. Rd7 a5 25. Rb7 Rd8 26. Rxd8+ Rxd8 27. Rb2=
1/2-1/2

[Event "DRAGON 3OOO"]
[Site "SchemingMind.com"]
[Date "2013.01.24"]
[Round "-"]
[White "agarr"]
[Black "Scooter"]
[Result "1/2-1/2"]
[WhiteCountry "RUS"]
[BlackCountry "USA"]
[WhiteElo "1755"]
[WhiteRD "69"]
[BlackElo "1792"]
[BlackRD "53"]
[GameID "325805"]

1. e4 c6 2. d4 d5 3. exd5 cxd5 4. Bd3 Nf6 5. c3 e6 6. Bg5 Be7 7. Qc2 h6 8. Bf4 O-O 9. Nf3 Nbd7 10. O-O a6
11. Nbd2 b5 12. Ne5 Bb7 13. b3 Rc8 14. c4 bxc4 15. bxc4 dxc4 16. Ndxc4 Bd5 17. Qa4 Nxe5 18. Nxe5 Bb7 19. Rab1 Qd5 20. f3 Bc6
21. Nxc6 Qxc6 22. Qxa6 Qxa6 23. Bxa6 Ra8 24. Bc4 Nd5 25. Bd2 Rfc8 26. Bb3 Bf6 27. Rfd1 Bxd4+ 28. Kh1 Nc3 29. Bxc3 Bxc3 30. Rd7 Rcb8
31. Rc1 Rd8 32. Rc7 Bb2 33. Rb1 Be5 34. Rb7 Rd2 35. g3 Rf2 36. f4 Bd4 37. Rd7 Bc5 38. Bc4 Ra4 39. Bd3 Raxa2 40. Rd8+ Bf8
41. Rbb8 Ra1+ 42. Bb1 Rf1+ 43. Kg2 Rfxb1 44. Rxf8+ Kh7 45. Rxb1 Rxb1 46. Rxf7= Kg6 47. Rf8 Rb2+ 48. Kh3 Rb5 49. Kh4 Rh5+ 50. Kg4 Rxh2
51. Kf3 Rb2 52. Re8 Kf7 53. Rd8 h5 54. Rh8 Rb3+ 55. Kf2 g6 56. Rh7+ Kf6 57. Rh8 e5 58. fxe5+ Kxe5 59. Rg8 Kf5 60. Rf8+ Kg4
61. Rf4+ Kg5 62. Rh4 Kh6 63. Rd4 g5 64. Rd6+ Kg7 65. Rd7+ Kf6 66. Rd5 Rb4 67. Kf3 g4+ 68. Kf2 Rb2+ 69. Kg1 Re2 70. Rxh5 Kg6=
1/2-1/2

[Event "DRAGON 3OOO"]
[Site "SchemingMind.com"]
[Date "2013.01.25"]
[Round "-"]
[White "agarr"]
[Black "kenneth m day"]
[Result "0-1"]
[WhiteCountry "RUS"]
[BlackCountry "USA"]
[WhiteElo "1721"]
[WhiteRD "79"]
[BlackElo "1765"]
[BlackRD "52"]
[GameID "325806"]

1. e4 c5 2. Nf3 Nc6 3. d4 cxd4 4. Nxd4 Nf6 5. Nxc6 bxc6 6. Nc3 e5 7. Bc4 Bb4 8. O-O O-O 9. Bd2 Bb7 10. a3 Be7
11. f3 a5 12. Be3 Qc7 13. Qe2 Rfd8 14. Na4 c5 15. b4 axb4 16. axb4 d5 17. exd5 Nxd5 18. Bxc5 Rxa4 19. Rxa4 Nc3 20. Qe3 Nxa4
0-1

[Event "DRAGON 3OOO"]
[Site "SchemingMind.com"]
[Date "2013.01.29"]
[Round "-"]
[White "agarr"]
[Black "SAMAEL"]
[Result "0-1"]
[WhiteCountry "RUS"]
[BlackCountry "CAN"]
[WhiteElo "1755"]
[WhiteRD "69"]
[BlackElo "1713"]
[BlackRD "45"]
[GameID "325807"]

1. e4 e5 2. Nf3 Nc6 3. Bc4 h6 4. c3 Nf6 5. d4 exd4 6. e5 Nh7 7. cxd4 d5 8. exd6 Bxd6 9. O-O O-O 10. b3 Bf5
11. Na3 a6 12. Bb2 Nb4 13. Bc3 Re8 14. Re1 Rxe1+ 15. Qxe1 Nc6 16. Qc1 Qe7 17. Nc2 Re8 18. Qb2 Qd7 19. Rd1 Be4 20. Be2 Qe7
21. d5 Ne5 22. Nxe5 Bxe5 23. Bxe5 Qxe5 24. Qxe5 Rxe5 25. Ne3 Nf6 26. d6 cxd6 27. Rxd6 Bc6 28. Bxa6 Ne8 29. Rxc6 bxc6 30. Bc4 Nd6
31. Bd3 f5 32. g3 g5 33. Nc4 Nxc4 34. Bxc4+ Kf8 35. a4 Ke7 36. Kg2 Kd6 37. Kf3 Kc5 38. a5 Re1 39. a6 Kb6 40. h3 Ra1
41. Ke3 Rh1 42. Be6 Re1+
0-1

[Event "DRAGON 3OOO"]
[Site "SchemingMind.com"]
[Date "2013.01.24"]
[Round "-"]
[White "David Hartley"]
[Black "agarr"]
[Result "1-0"]
[WhiteCountry "ENG"]
[BlackCountry "RUS"]
[WhiteElo "1795"]
[WhiteRD "63"]
[BlackElo "1755"]
[BlackRD "69"]
[GameID "325808"]

1. e4 e5 2. Nf3 Nc6 3. Bb5 Bc5 4. c3 Nf6 5. O-O O-O 6. Re1 d6 7. d4 exd4 8. cxd4 Bb6 9. Bg5 Ne7 10. Nc3 Bg4
11. Bxf6 gxf6 12. Be2 f5 13. e5 Ng6 14. Nd5 dxe5 15. Nxb6 axb6 16. Nxe5 Nxe5 17. dxe5 Re8 18. Bxg4 fxg4 19. Qxg4+ Kh8 20. Rad1 Qe7
21. a3 Rg8 22. Qf3 Rad8 23. Qc3 Qc5 24. Qxc5 bxc5 25. f4 Rd4 26. Rxd4 cxd4 27. b4 c6 28. Rc1 Ra8 29. Rd1 Rxa3 30. Rxd4 Rb3
31. Rd7 Rxb4 32. Rxf7 Kg8 33. Rf6 Re4 34. e6 b5 35. Kf2 Kg7 36. Rf7+ Kg8 37. f5 c5 38. Kf3 Re1 39. Rc7 c4 40. g4 Rf1+
41. Kg2 Rf4 42. Kg3 Re4 43. Kh4 b4 44. Rc6 c3 45. Kg5
1-0

[Event "DRAGON 3OOO"]
[Site "SchemingMind.com"]
[Date "2013.01.24"]
[Round "-"]
[White "emvarela"]
[Black "agarr"]
[Result "0-1"]
[WhiteCountry "ARG"]
[BlackCountry "RUS"]
[WhiteElo "1759"]
[WhiteRD "49"]
[BlackElo "1755"]
[BlackRD "69"]
[GameID "325809"]

1. e4 e5 2. Nf3 Nc6 3. Bb5 Nd4 4. Nxd4 exd4 5. O-O g6 6. d3 Bg7 7. Qf3 Ne7 8. Bg5 O-O 9. Bc4 c6 10. Bxe7 Qxe7
11. Nd2 b6 12. Rfe1 Bb7 13. a4 c5 14. a5 Bc6 15. Bd5 b5 16. Bxc6 dxc6 17. e5 Qe6 18. Nb3 Rfd8 19. Nxc5 Qd5 20. Qxd5 Rxd5
21. b4 Bxe5 22. Re2 Bd6 23. Nd7 Kg7 24. Rae1 Bxb4
0-1